La tutela jurisdiccional

Detalles Bibliográficos
Autor principal: Proto Pisani, Andrea
Formato: eBook
Lenguaje:español
Publicado: Lima: Palestra Editores, 2014
Materias:
Acceso en línea:Acceso restringido

MARC

LEADER 00000nam a22000007a 4500
005 20190830222710.0
007 cr|||| ||||
008 190830s2014 es |||||s|||| 00||0 spa d
020 |a 978-612-4218-10-1 
035 |a 24184 
040 |a vLex 
090 |c 9338  |d 9338 
100 1 |a Proto Pisani, Andrea 
245 1 2 |a La tutela jurisdiccional  |h [Recurso electrn̤ico] /  |c Andrea Proto Pisani 
256 |a Servicio en ln̕ea 
260 |a Lima:  |b Palestra Editores,  |c 2014 
300 |a 1 recurso electrn̤ico 
506 1 |a Disponible solo en los productos indicados  |d vLex Global  |d vLex Global (Academic Edition, excluding Law Schools)  |d vLex Global (U.S. Academic Edition, Law Schools)  |d vLex Global (U.S. Academic Edition, excluding Law Schools)  |d vLex Global (Academic Edition, Law Schools) 
650 0 4 |a Derecho Penal  |z Per︢ 
740 0 |a vLex Libros (Servicio en ln̕ea) 
856 4 0 |u http://vlex.com/source/tutela-jurisdiccional-24184  |z Acceso restringido 
942 |c BOOK 
999 0 |a Criminal law